000 00529nam a22002177a 4500
003 UA-OsUOA
001 43988
007 ta
008 20070201b un ||||| |||| 00| 0 ukr d
100 _aМахно Т.
090 _a94(477)
_bМ-11
942 _cSA
040 _aUA-OsUOA
_bukr
_cUA-OsUOA
_dUA-OsUOA
245 _aКозаки та опричники
955 _a0
041 _aukr
080 _a94(477)
591 _aС.34
773 0 _w43986
650 7 _a9 Географія. Біографії. Історія
_2UDC
999 _c330104
_d330104